000 01339cam a22003615a 4500
999 _c332194
_d332194
001 12377105
003 NUST
005 20171117110843.0
008 010117s2000 ii b b 000 0 eng
010 _a 00440051
020 _a8172332440
025 _aI-E-00-440051; 49-29
035 _a(DLC) 00440051
037 _bLibrary of Congress -- New Delhi Field Office
_cRs475.00
040 _aDLC
_cDLC
_dDLC
042 _alcode
043 _aa-ii---
050 0 0 _aTD897.8.I4
_bI64 2000
082 _a628.5 GUP
245 0 0 _aIndustrial waste waters and environmental pollution /
_cEditors, I.C. Gupta, D.C. Joshi, D. Kumar.
260 _aJodhpur :
_bScientific Publishers (India),
_c2000.
300 _aviii, 184 p. :
_bmaps ;
_c22 cm.
500 _aH.B
504 _aIncludes bibliographical references.
520 _aContributed articles with special reference to Rajasthan, India.
650 0 _aFactory and trade waste
_xEnvironmental aspects
_zIndia
_zRajasthan.
_96493
650 0 _aWater
_xPollution
_zIndia
_zRajasthan.
_96494
650 0 _aPollution prevention
_zIndia
_zRajasthan.
_96495
700 1 _aGupta, I. C.,
_d1941-
_96496
700 1 _aJoshi, D. C.
_q(Dinesh Chandra),
_d1943-
_96497
700 1 _aKumar, D.
_96498
906 _a7
_bibc
_corigode
_d3
_encip
_f20
_gy-gencatlg
942 _2ddc
_cBK
_kIESE